[Event "Nis op-B"]
[Site "Nis"]
[Date "2015.04.26"]
[Round "9"]
[White "Djuric, Ranko"]
[Black "Krstic, Zoran"]
[Result "1/2-1/2"]
[WhiteElo "2070"]
[BlackElo "1907"]
[PlyCount "115"]
[EventDate "2015.04.20"]
[EventType "swiss"]
[EventRounds "9"]
[EventCountry "SRB"]
[SourceTitle "CBM 166 Extra"]
[Source "ChessBase"]
[SourceDate "2015.06.18"]
[SourceVersion "1"]
[SourceVersionDate "2015.06.18"]
[SourceQuality "1"]

1. e4 c6 2. d4 d5 3. exd5 cxd5 4. Bd3 Nc6 5. c3 Nf6 6. h3 e5 7. dxe5 Nxe5 8. Bc2 Be7 9. Ne2 0-0 10. 0-0 b6 11. Nd2 Bb7 12. Nb3 Ne4 13. Nbd4 Bc5 14. f3 Nf6 15. Bg5 h6 16. Bh4 Nc4 17. Qc1 Re8 18. Bf2 Ba6 19. Re1 Bb7 20. a4 a5 21. b3 Nd6 22. Qd2 Ba6 23. Ng3 Qd7 24. Qf4 Rxe1+ 25. Rxe1 Re8 26. Re5 Rxe5 27. Qxe5 Qe8 28. Qxe8+ Nfxe8 29. Ndf5 Kf8 30. Bd4 Bxd4+ 31. Nxd4 g6 32. Nh1 Ke7 33. Nf2 f5 34. Nd1 Kf6 35. g3 Nc7 36. Ne3 Bb7 37. Bd3 Ne6 38. Nxe6 Kxe6 39. Nc2 g5 40. Kf2 f4 41. g4 Nf7 42. Nd4+ Kf6 43. Be2 Nd6 44. Bd3 Nf7 45. Ke1 Ne5 46. Be2 Bc8 47. Kd2 h5 48. Kc2 h4 49. Kd2 Bd7 50. Bd1 Be8 51. Bc2 Bg6 52. Bxg6 Kxg6 53. Ke2 Kf6 54. Nf5 Nd7 55. Kd3 Ne5+ 56. Ke2 Nc6 57. Nd4 Nxd4+ 58. cxd4 1/2-1/2

[Event "Nis op-B"]
[Site "Nis"]
[Date "2015.04.25"]
[Round "8"]
[White "Stanojevic, Ilija"]
[Black "Djuric, Ranko"]
[Result "1-0"]
[WhiteElo "1886"]
[BlackElo "2070"]
[PlyCount "89"]
[EventDate "2015.04.20"]
[EventType "swiss"]
[EventRounds "9"]
[EventCountry "SRB"]
[SourceTitle "CBM 166 Extra"]
[Source "ChessBase"]
[SourceDate "2015.06.18"]
[SourceVersion "1"]
[SourceVersionDate "2015.06.18"]
[SourceQuality "1"]

1. e4 c5 2. Nc3 Nc6 3. f4 d6 4. Nf3 Nf6 5. Bb5 Bd7 6. Bxc6 Bxc6 7. d3 e6 8. 0-0 Be7 9. Qe1 Qc7 10. Rb1 a5 11. Bd2 b5 12. Ne2 0-0 13. h3 Kh8 14. g4 Nd7 15. Ng3 b4 16. f5 Ne5 17. Nxe5 dxe5 18. g5 Bd7 19. f6 gxf6 20. gxf6 Bd6 21. Bh6 Rg8 22. Bg7+ Rxg7 23. fxg7+ Kg8 24. Nh5 Be7 25. Nf6+ Bxf6 26. Rxf6 Qd8 27. Qf2 Be8 28. Rf1 Qd4 29. h4 Kxg7 30. Kh2 Qxf2+ 31. R6xf2 Rc8 32. Rg1+ Kf8 33. b3 Rc6 34. Rg5 h6 35. Rg3 a4 36. Rf6 axb3 37. axb3 Ra6 38. Rxh6 Ra2 39. Rg2 Ke7 40. Rh7 Ra1 41. Rf2 Ra2 42. h5 Kd6 43. Rh8 Bc6 44. h6 f5 45. h7 1-0

[Event "Nis op-B"]
[Site "Nis"]
[Date "2015.04.23"]
[Round "5"]
[White "Nadj, Vanja"]
[Black "Djuric, Ranko"]
[Result "0-1"]
[WhiteElo "1907"]
[BlackElo "2070"]
[PlyCount "82"]
[EventDate "2015.04.20"]
[EventType "swiss"]
[EventRounds "9"]
[EventCountry "SRB"]
[SourceTitle "CBM 166 Extra"]
[Source "ChessBase"]
[SourceDate "2015.06.18"]
[SourceVersion "1"]
[SourceVersionDate "2015.06.18"]
[SourceQuality "1"]

1. e4 c5 2. Nf3 d6 3. d4 cxd4 4. Nxd4 Nf6 5. Nc3 g6 6. Be3 Bg7 7. f3 a6 8. Qd2 Qc7 9. g4 e6 10. Qf2 b5 11. g5 Nh5 12. Bxb5+ axb5 13. Ndxb5 Qe7 14. 0-0-0 0-0 15. Qd2 Rd8 16. f4 Nc6 17. Rhe1 Ba6 18. f5 Bxb5 19. f6 Nxf6 20. gxf6 Bxf6 21. Nxb5 Rxa2 22. c3 Qb7 23. Na3 Ra8 24. Nb1 Na5 25. Qe2 Nb3+ 26. Kc2 Rxb2+ 27. Kxb2 Nd4+ 28. Kc1 Nxe2+ 29. Rxe2 Qxe4 30. Rxd6 Rb8 31. Nd2 Qa4 32. Nb1 Qb5 33. Kd1 Qxb1+ 34. Bc1 Qb3+ 35. Rc2 Rd8 36. Rxd8+ Bxd8 37. Bh6 f6 38. c4 Bc7 39. c5 Kf7 40. c6 g5 41. h4 gxh4 0-1

[Event "Nis Svetosavski op 4th"]
[Site "Nis"]
[Date "2014.02.22"]
[Round "3"]
[White "Radovanovic, Danko"]
[Black "Djuric, Ranko"]
[Result "1/2-1/2"]
[WhiteElo "1890"]
[BlackElo "2072"]
[PlyCount "80"]
[EventDate "2014.02.21"]
[EventType "swiss"]
[EventRounds "5"]
[EventCountry "SRB"]
[SourceTitle "CBM 159 Extra"]
[Source "ChessBase"]
[SourceDate "2014.04.24"]
[SourceVersion "1"]
[SourceVersionDate "2014.04.24"]
[SourceQuality "1"]

1. c4 Nf6 2. Nc3 g6 3. d4 Bg7 4. e4 d6 5. Nf3 0-0 6. Be2 Nc6 7. d5 Nb8 8. 0-0 h6 9. h3 e5 10. Nh2 Nbd7 11. Be3 a6 12. Qc1 Kh7 13. b4 b6 14. a4 a5 15. b5 Ng8 16. Ra3 Ne7 17. Bd3 f5 18. exf5 Nxf5 19. Ne4 Nf6 20. Nxf6+ Qxf6 21. Ng4 Qh4 22. Qc2 Bd7 23. Be4 h5 24. Nh2 Qf6 25. Nf3 Nxe3 26. Rxe3 Bh6 27. Rb3 Bf5 28. Nh2 Bxe4 29. Qxe4 Qf4 30. Re3 Qf5 31. Re2 Rf7 32. Nf3 Raf8 33. Qxf5 Rxf5 34. Re4 g5 35. Rfe1 Rf4 36. R1e2 Kg6 37. Nd2 g4 38. hxg4 hxg4 39. Nf1 Rxe4 40. Rxe4 Rf4 1/2-1/2

[Event "Nis op"]
[Site "Nis"]
[Date "2013.03.22"]
[Round "2"]
[White "Djuric, Ranko"]
[Black "Ilic, Zoran S"]
[Result "0-1"]
[WhiteElo "2103"]
[BlackElo "2293"]
[PlyCount "68"]
[EventDate "2013.03.21"]
[EventType "swiss"]
[EventRounds "9"]
[EventCountry "SRB"]
[SourceTitle "CBM 153 Extra"]
[Source "ChessBase"]
[SourceDate "2013.04.22"]
[SourceVersion "1"]
[SourceVersionDate "2013.04.22"]
[SourceQuality "1"]

1. e4 c5 2. Nf3 e6 3. d4 cxd4 4. Nxd4 a6 5. Nc3 b5 6. Bd3 Qb6 7. Be3 Bc5 8. Nce2 Nf6 9. 0-0 Ng4 10. Ng3 Nxe3 11. fxe3 Bxd4 12. exd4 Qxd4+ 13. Kh1 Nc6 14. c3 Qe5 15. Qe2 0-0 16. Qg4 Ne7 17. Rae1 d6 18. Bb1 Bd7 19. Ne2 Rac8 20. Nd4 Rc5 21. Nf3 Qh5 22. Qg3 e5 23. Rd1 Nc8 24. Rd2 f6 25. Ne1 Rc4 26. Bd3 Rc7 27. Nc2 Bc6 28. Rff2 Qg5 29. Qxg5 fxg5 30. Ne3 Nb6 31. a3 d5 32. exd5 Rxf2 33. Rxf2 Nxd5 34. Nxd5 Bxd5 0-1

[Event "Nis Svetosavski op 3rd"]
[Site "Nis"]
[Date "2013.03.03"]
[Round "4"]
[White "Djuric, Ranko"]
[Black "Radovanovic, Danko"]
[Result "1-0"]
[WhiteElo "2103"]
[BlackElo "1876"]
[PlyCount "95"]
[EventDate "2013.03.02"]
[EventType "swiss"]
[EventRounds "5"]
[EventCountry "SRB"]
[SourceTitle "CBM 153 Extra"]
[Source "ChessBase"]
[SourceDate "2013.04.22"]
[SourceVersion "1"]
[SourceVersionDate "2013.04.22"]
[SourceQuality "1"]

1. e4 e5 2. Nf3 Nf6 3. Nc3 Nc6 4. Bc4 Nxe4 5. Bxf7+ Kxf7 6. Nxe4 d5 7. Ng3 e4 8. Ng1 h5 9. d4 g6 10. Be3 Bg4 11. Qd2 Qf6 12. h3 Be6 13. 0-0-0 Bg7 14. f3 Bf5 15. Kb1 a5 16. fxe4 dxe4 17. N1e2 Rhe8 18. Rhf1 Kg8 19. Nxf5 gxf5 20. g4 hxg4 21. hxg4 Nb4 22. Rxf5 Qc6 23. Qc3 Qxc3 24. Nxc3 Rf8 25. Rxf8+ Bxf8 26. Rf1 c6 27. Rf4 Nd5 28. Rxe4 Nxc3+ 29. bxc3 Ba3 30. Bc1 Bf8 31. c4 Kf7 32. a4 b6 33. Ka2 Bd6 34. Bf4 Bxf4 35. Rxf4+ Ke6 36. g5 Rg8 37. Rf6+ Kd7 38. g6 Kc7 39. Kb3 Kd7 40. d5 cxd5 41. cxd5 Kc7 42. c4 Kb7 43. Rf7+ Ka6 44. g7 b5 45. cxb5+ Kb6 46. d6 Re8 47. Rf8 Re3+ 48. Kc2 1-0

[Event "SRB-chT2 South CS"]
[Site "Nis"]
[Date "2012.09.22"]
[Round "2.6"]
[White "Savic, Ivan"]
[Black "Djuric, Ranko"]
[Result "1-0"]
[WhiteElo "2056"]
[BlackElo "2102"]
[PlyCount "92"]
[EventDate "2012.09.21"]
[EventType "team-tourn"]
[EventRounds "10"]
[EventCountry "SRB"]
[SourceTitle "EXT 2019"]
[Source "ChessBase"]
[SourceDate "2018.10.10"]
[SourceVersion "1"]
[SourceVersionDate "2018.10.10"]
[SourceQuality "1"]

1. e4 c5 2. Nc3 d6 3. d3 Nf6 4. g3 g6 5. Bg2 Bg7 6. h3 0-0 7. Be3 Nc6 8. Qd2 Nd4 9. Nd1 Rb8 10. c3 Ne6 11. Ne2 b5 12. a3 Bb7 13. 0-0 Qc7 14. Bh6 c4 15. Bxg7 Kxg7 16. f3 Nc5 17. Nc1 cxd3 18. b4 Na4 19. Qxd3 a6 20. Kh2 d5 21. Re1 dxe4 22. fxe4 Rbd8 23. Qe3 e5 24. Nd3 Qd6 25. N1f2 h6 26. Rac1 Rc8 27. Rc2 Nd7 28. Nb2 Nxb2 29. Rxb2 Nb6 30. Rd2 Qc7 31. Ng4 g5 32. Qf2 f6 33. Red1 Rf7 34. Rd6 Nc4 35. Rxf6 Rcf8 36. Rf1 Nd6 37. Rxf7+ Rxf7 38. Qe3 Rxf1 39. Bxf1 Qf7 40. Bg2 Nc4 41. Qc5 Qe6 42. Bf1 Nd2 43. Qc7+ Qf7 44. Qxe5+ Kh7 45. Bg2 Nc4 46. Qd4 Qe7 1-0

[Event "SRB-chT2 South CS"]
[Site "Nis"]
[Date "2012.09.21"]
[Round "1.3"]
[White "Djuric, Ranko"]
[Black "Vukasinovic, Sasa"]
[Result "1-0"]
[WhiteElo "2102"]
[BlackElo "2083"]
[PlyCount "105"]
[EventDate "2012.09.21"]
[EventType "team-tourn"]
[EventRounds "10"]
[EventCountry "SRB"]
[SourceTitle "EXT 2019"]
[Source "ChessBase"]
[SourceDate "2018.10.10"]
[SourceVersion "1"]
[SourceVersionDate "2018.10.10"]
[SourceQuality "1"]

1. e4 e5 2. Nf3 Nc6 3. Bc4 Nf6 4. d3 Be7 5. 0-0 d6 6. h3 h6 7. Nc3 0-0 8. a3 Be6 9. Nd2 Bxc4 10. Nxc4 d5 11. exd5 Nxd5 12. Bd2 Re8 13. Re1 Bf6 14. Qf3 Nb6 15. Nxb6 Nd4 16. Qg4 axb6 17. Rac1 Qc8 18. Nd5 Qxg4 19. hxg4 Bd8 20. Bc3 Bg5 21. f4 Bh4 22. Re4 Red8 23. Bxd4 exd4 24. Ne7+ Kf8 25. Nf5 Bf6 26. Rce1 Re8 27. Kf2 Rxe4 28. Rxe4 Rd8 29. a4 Rd5 30. Kf3 b5 31. axb5 Rxb5 32. b3 Rd5 33. Re2 h5 34. Ke4 c6 35. gxh5 g6 36. hxg6 fxg6 37. Nh6 Bg7 38. Ng4 Kf7 39. g3 Rd6 40. Kf3 Rd5 41. Nf2 c5 42. Ne4 Bf6 43. Re1 b5 44. Ra1 c4 45. Ra5 cxb3 46. cxb3 Bd8 47. Rxb5 Rxb5 48. Nd6+ Ke6 49. Nxb5 Kd5 50. Na3 Ba5 51. Nc4 Bb4 52. Kg4 Be7 53. f5 1-0

[Event "Nis Svetosavski op"]
[Site "Nis"]
[Date "2012.02.25"]
[Round "2"]
[White "Djukic, Zeljko"]
[Black "Djuric, Ranko"]
[Result "1-0"]
[WhiteElo "2382"]
[BlackElo "2099"]
[PlyCount "95"]
[EventDate "2012.02.24"]
[EventType "swiss"]
[EventRounds "5"]
[EventCountry "SRB"]
[SourceTitle "CBM 147 Extra"]
[Source "ChessBase"]
[SourceDate "2012.04.24"]
[SourceVersion "1"]
[SourceVersionDate "2012.04.24"]
[SourceQuality "1"]

1. d4 Nf6 2. c4 g6 3. Nc3 Bg7 4. e4 d6 5. f3 0-0 6. Bg5 Nc6 7. Nge2 e5 8. d5 Ne7 9. Qd2 Ne8 10. g4 f5 11. gxf5 gxf5 12. exf5 Bxf5 13. 0-0-0 Qd7 14. h4 Kh8 15. Ng3 Nf6 16. h5 Nfg8 17. Bg2 h6 18. Be3 a6 19. Nxf5 Nxf5 20. Kb1 b5 21. c5 Nxe3 22. Qxe3 Qf5+ 23. Ne4 Nf6 24. cxd6 cxd6 25. Bh3 Qh7 26. Be6 Nxe4 27. fxe4 Rf4 28. Rde1 Bf6 29. Bf5 Qb7 30. Qc1 Rd8 31. Qc6 Qa7 32. a3 Rf2 33. Ref1 Rf4 34. Ka2 a5 35. Rfg1 Bg5 36. Rg2 b4 37. Rh3 Rf1 38. a4 Qe7 39. Bg6 Rb8 40. Rb3 Rbf8 41. Qb6 Ra8 42. Rc2 Qd7 43. Qc6 Qd8 44. Qb7 Be7 45. Rc7 Rb8 46. Qc6 Kg7 47. Rd7 Qf8 48. Qxd6 1-0

[Event "SRB-chT3 Liga Sued CS"]
[Site "Serbia"]
[Date "2011.10.02"]
[Round "4"]
[White "Stojiljkovic, Dane"]
[Black "Djuric, Ranko"]
[Result "0-1"]
[WhiteElo "1949"]
[BlackElo "2098"]
[PlyCount "93"]
[EventDate "2011.09.11"]
[EventType "team"]
[EventRounds "11"]
[EventCountry "SRB"]
[SourceTitle "EXT 2015"]
[Source "ChessBase"]
[SourceDate "2014.11.20"]
[SourceVersion "1"]
[SourceVersionDate "2014.11.20"]
[SourceQuality "1"]

1. d4 Nf6 2. c4 g6 3. Nc3 Bg7 4. e4 d6 5. h3 0-0 6. Be3 Nbd7 7. Be2 e5 8. d5 a5 9. Qc2 b6 10. g4 Nc5 11. a4 Bd7 12. b3 Ne8 13. 0-0-0 f5 14. gxf5 gxf5 15. f3 Kh8 16. h4 Qf6 17. Nh3 f4 18. Bf2 Bxh3 19. Rxh3 Rg8 20. Rg1 Qf7 21. Rh2 Nf6 22. Rhg2 Bh6 23. Kb2 Rxg2 24. Rxg2 Rg8 25. Rxg8+ Kxg8 26. Bf1 Qh5 27. Qe2 Bf8 28. Nb5 Ne8 29. Bh3 Qg6 30. Qf1 h5 31. Kc3 Be7 32. Bf5 Qg7 33. Qh3 Kf8 34. Kc2 Na6 35. Bc8 Nb4+ 36. Kd2 Bd8 37. Qf5+ Nf6 38. Qh3 Qg6 39. Bf5 Qg7 40. Qh1 Na6 41. Bh3 Nc5 42. Kc2 Na6 43. Nc3 Nb4+ 44. Kd2 Na6 45. Ne2 Nc5 46. Kc2 Na6 47. Bf5 0-1

[Event "Nis Svetosavski op"]
[Site "Nis"]
[Date "2011.01.22"]
[Round "2"]
[White "Terzic, Goran"]
[Black "Djuric, Ranko"]
[Result "1-0"]
[WhiteElo "2285"]
[BlackElo "2117"]
[PlyCount "59"]
[EventDate "2011.01.21"]
[EventType "swiss"]
[EventRounds "5"]
[EventCountry "SRB"]
[SourceTitle "CBM 140 Extra"]
[Source "ChessBase"]
[SourceDate "2011.03.01"]
[SourceVersion "1"]
[SourceVersionDate "2011.03.01"]
[SourceQuality "1"]

1. e4 c5 2. g3 Nc6 3. Bg2 d6 4. f4 Nf6 5. d3 g6 6. Nf3 Bg7 7. 0-0 0-0 8. h3 Bd7 9. c3 Qc8 10. g4 Rb8 11. f5 h6 12. Na3 b5 13. Nc2 g5 14. h4 gxh4 15. g5 hxg5 16. Nxg5 Ne5 17. d4 cxd4 18. cxd4 Neg4 19. Ne3 Nh6 20. e5 Ne8 21. Qh5 dxe5 22. dxe5 Rb6 23. Nd5 Qd8 24. Be3 Rc6 25. Rad1 Ra6 26. Bc5 Rd6 27. exd6 exd6 28. Bd4 Nf6 29. Nxf6+ Bxf6 30. Qxh6 1-0

[Event "Nis City-ch"]
[Site "Nis"]
[Date "2010.05.28"]
[Round "4"]
[White "Arandjelovic, Aleksandar Z"]
[Black "Djuric, Ranko"]
[Result "0-1"]
[WhiteElo "2109"]
[BlackElo "2132"]
[PlyCount "125"]
[EventDate "2010.05.25"]
[EventType "swiss"]
[EventRounds "9"]
[EventCountry "YUG"]
[SourceTitle "CBM 136 Extra"]
[Source "ChessBase"]
[SourceDate "2010.07.02"]
[SourceVersion "2"]
[SourceVersionDate "2010.07.15"]
[SourceQuality "1"]

1. d4 Nf6 2. c4 g6 3. Nc3 Bg7 4. e4 d6 5. f3 0-0 6. Be3 Nbd7 7. Qd2 e5 8. d5 a5 9. Bd3 b6 10. Nge2 Nc5 11. Bc2 Ne8 12. g4 Qh4+ 13. Ng3 Qe7 14. h4 f6 15. 0-0-0 Rf7 16. h5 g5 17. h6 Bf8 18. Rdg1 Kh8 19. b3 Qd8 20. Qh2 Be7 21. Qh5 Kg8 22. Rg2 Nd7 23. Rhg1 Nf8 24. Nf5 Ng6 25. a4 Bd7 26. Bd2 Rc8 27. Ne2 c6 28. dxc6 Rxc6 29. Nc3 Nc7 30. Ng7 Ne6 31. Nxe6 Bxe6 32. Nd5 Rf8 33. Qh2 Qd7 34. Be3 Rb8 35. Rd2 Qd8 36. Nc3 Qf8 37. Nb5 Nh4 38. Qf2 Ng6 39. Na7 Rc7 40. Bxb6 Rcb7 41. Bxa5 Nf4 42. Nb5 Nh3 43. Qg2 Nxg1 44. Qxg1 Rc8 45. Qh2 Rc6 46. Kd1 Qc8 47. Bd3 Qa8 48. Bc3 Qc8 49. Qg1 Qf8 50. Rh2 Qa8 51. Qe1 Rc5 52. Bc2 Qc8 53. Na3 Bf7 54. Bb4 Rc6 55. Nb5 Kf8 56. Ba3 Be6 57. Bd3 Qa8 58. Be2 Qc8 59. Qf2 Kf7 60. Qe1 Kf8 61. Rh3 Kf7 62. Qd2 Rbb6 63. Ke1 0-1

[Event "Nis op"]
[Site "Nis"]
[Date "2009.03.26"]
[Round "2"]
[White "Djuric, Ranko"]
[Black "Kostic, Nebojsa"]
[Result "1/2-1/2"]
[WhiteElo "2142"]
[BlackElo "2318"]
[PlyCount "120"]
[EventDate "2009.03.25"]
[EventType "swiss"]
[EventRounds "9"]
[EventCountry "YUG"]
[SourceTitle "CBM 129 Extra"]
[Source "ChessBase"]
[SourceDate "2009.05.05"]
[SourceVersion "2"]
[SourceVersionDate "2009.05.20"]
[SourceQuality "1"]

1. e4 d6 2. d4 Nf6 3. Nc3 c6 4. f4 Qa5 5. Bd3 Bg4 6. Nge2 e5 7. dxe5 dxe5 8. 0-0 Nbd7 9. Kh1 Be7 10. Qe1 Bxe2 11. Qxe2 0-0 12. Bd2 Qc7 13. a4 exf4 14. Bxf4 Bd6 15. Bg5 Be5 16. Qf3 Kh8 17. Qh3 Rae8 18. Rf5 g6 19. Rf3 Ng8 20. Raf1 f6 21. Bd2 a6 22. b4 Qd6 23. Nd1 Qe7 24. Ne3 Bd6 25. Nc4 Ne5 26. Nxe5 Bxe5 27. g4 b5 28. axb5 axb5 29. Qh4 Ra8 30. Qf2 Kg7 31. Be3 Qe6 32. h3 Ra1 33. Rxa1 Bxa1 34. g5 Be5 35. Kg2 Rf7 36. Qh4 Bc3 37. Bc5 Qe5 38. gxf6+ Rxf6 39. Qg4 Rxf3 40. Kxf3 Nf6 41. Qc8 Qe8 42. Qc7+ Qd7 43. Qxd7+ Nxd7 44. Bd6 Kf6 45. Ke3 Ke6 46. Bc5 Nxc5 47. bxc5 Ke5 48. Be2 h5 49. Kd3 Bd4 50. c3 Bxc5 51. Bd1 Kf4 52. Bb3 g5 53. Bf7 g4 54. hxg4 hxg4 55. Ke2 g3 56. Kf1 Kf3 57. Bh5+ Kxe4 58. Kg2 Kd5 59. Bf3+ Kd6 60. Kxg3 Ba3 1/2-1/2

[Event "SRB-chT2 East"]
[Site "Golubac"]
[Date "2008.10.18"]
[Round "10.3"]
[White "Panic, Milan"]
[Black "Djuric, Ranko"]
[Result "1/2-1/2"]
[WhiteElo "2200"]
[BlackElo "2148"]
[PlyCount "54"]
[EventDate "2008.09.14"]
[EventType "team"]
[EventRounds "11"]
[EventCountry "SRB"]
[SourceTitle "EXT 2012"]
[Source "ChessBase"]
[SourceDate "2011.11.24"]
[SourceVersion "1"]
[SourceVersionDate "2011.11.24"]
[SourceQuality "1"]

1. e4 c5 2. Nf3 d6 3. d4 cxd4 4. Nxd4 Nf6 5. Nc3 g6 6. Be3 Bg7 7. f3 0-0 8. Qd2 Nc6 9. 0-0-0 Nxd4 10. Bxd4 Be6 11. Kb1 Re8 12. Bb5 Rf8 13. Ba4 b5 14. Nxb5 Rb8 15. e5 dxe5 16. Bxe5 Qxd2 17. Rxd2 Ne4 18. fxe4 Bxe5 19. c3 Rb6 20. Nd4 Rd8 21. Bb3 Bxb3 22. Nxb3 Rxd2 23. Nxd2 Bxc3 24. Nc4 Rb8 25. Rd1 Bb4 26. Rd7 Bc5 27. Rc7 Bg1 1/2-1/2

[Event "SRB-chT2 East"]
[Site "Golubac"]
[Date "2008.09.28"]
[Round "3.6"]
[White "Mitrovic, Darko R"]
[Black "Djuric, Ranko"]
[Result "1-0"]
[WhiteElo "2321"]
[BlackElo "2148"]
[PlyCount "89"]
[EventDate "2008.09.14"]
[EventType "team"]
[EventRounds "11"]
[EventCountry "SRB"]
[SourceTitle "EXT 2012"]
[Source "ChessBase"]
[SourceDate "2011.11.24"]
[SourceVersion "1"]
[SourceVersionDate "2011.11.24"]
[SourceQuality "1"]

1. e4 c5 2. Nf3 d6 3. d4 cxd4 4. Nxd4 Nf6 5. Nc3 g6 6. Be3 Bg7 7. f3 0-0 8. Qd2 Nc6 9. 0-0-0 Bd7 10. g4 Bxg4 11. fxg4 Nxg4 12. Nxc6 bxc6 13. Be2 Nxe3 14. Qxe3 Qa5 15. Bc4 e6 16. Rxd6 Rad8 17. Rxd8 Rxd8 18. Rd1 Rxd1+ 19. Nxd1 Qh5 20. Qe2 Qc5 21. c3 Be5 22. Bd3 Qg1 23. h3 Qg3 24. Qf1 Qh2 25. a3 h5 26. Kb1 Kg7 27. Ka2 g5 28. Be2 g4 29. hxg4 h4 30. Qf2 Qh1 31. Bf3 Qh3 32. Qg2 Qxg2 33. Bxg2 Kf6 34. Nf2 Kg5 35. Nd3 Bc7 36. Bh3 Bb6 37. Kb3 f6 38. Kc4 Be3 39. b4 Bd2 40. Kc5 Bxc3 41. Kxc6 Ba1 42. Kd6 e5 43. b5 Bd4 44. a4 Bb6 45. Kc6 1-0